Biblioteca

Exploring the world of the pharaohs : (Registro nro. 65687)

Detalles MARC
000 -LÍDER
Campo fijo de descripción fija 01260cam a2200349 i 4500
001 - NÚMERO DE CONTROL
Campo de control 768714001
003 - IDENTIFICADOR DEL NÚMERO DE CONTROL
Campo de control CO-MdFUSB
005 - FECHA Y HORA DE LA ULTIMA TRANSACCIÓN
control field 20220622062537.0
007 - CAMPO FIJO DE DESCRIPCIÓN FIJA--INFORMACIÓN GENERAL
Campo fijo de descripción fija ta
008 - ELEMENTOS DE LONGITUD FIJA -- INFORMACIÓN GENERAL
Campo fijo de descripción fija -- Información general 900410t19921987nyuab b 001 0 eng d
020 ## - NÚMERO INTERNACIONAL NORMALIZADO PARA LIBROS
Número Internacional Normalizado del libro 0500275602
040 ## - FUENTE DE CATALOGACIÓN
Agencia de catalogación original OCP
Agencia que realiza la transcripción CO-MdFUSB
Agencia que realiza la modificación OCP
-- CO-MdFUSB
-- FPJ
-- JRZ
-- UtOrBLW
Idioma de catalogación spa.
Convenciones de la descripción rda
041 ## - CÓDIGO DE IDIOMA
Código de idioma para texto/pista de sonido o título separado eng
082 ## - NÚMERO DE CLASIFICACIÓN DECIMAL DEWEY
Número de la edición del Dewey 23
Número de clasificación 932
Clave de autor-Numero de item H684
100 1# - ASIENTO PRINCIPAL--NOMBRE PERSONAL
Nombre personal El Mahdy Christine.
Término relacionador autor
242 ## - TRADUCCIÓN DEL TÍTULO POR AGENCIA CATALOGADORA
Título El mundo de los faraones.
Idioma del título original inglés.
245 14 - TÍTULO
Título del Material Exploring the world of the pharaohs :
Parte restante del título - Subtitulo a complete guide to ancient Egypt
Mención de responsabilidad, etc. / Christine Hobson ; prólogo por Thomas J. Logan.
250 ## - MENCIÓN DE EDICIÓN
Mención de edición primera edición
264 #1 - PRODUCCIÓN, PUBLICACIÓN, DISTRIBUCIÓN, MANUFACTURA, Y COPYRIGHT
Lugar de producción, publicación, distribución, manufactura New York :
Nombre del productor, publicador, distribuidor Thames and Hudson,
Fecha de producción, publicación, distribución, manufactura, o copyright [1992]
264 #4 - PRODUCCIÓN, PUBLICACIÓN, DISTRIBUCIÓN, MANUFACTURA, Y COPYRIGHT
Fecha de producción, publicación, distribución, manufactura, o copyright © 1992
300 ## - DESCRIPCIÓN FÍSICA
Extensión 192 páginas :
Otros detalles físicos ilustraciones, mapas ;
Dimensiones 25 cm.
336 ## - TIPO DE CONTENIDO
Término de tipo de contenido texto
Código de tipo de contenido txt
Fuente rdacontent.
337 ## - TIPO DE MEDIO
Nombre del tipo de medio sin mediación
Código del tipo de medio n
Fuente rdamedia.
338 ## - TIPO DE SOPORTE
Nombre del tipo de soporte volumen
Código Tipo de soporte nc
Fuente rdacarrier.
505 ## - NOTA DE CONTENIDO
Nota de contenido con formato preestablecido Descubriendo el pasado. -- Orígenes egipcios. -- Pirámides: casas para la eternidad. -- Las arenas movedizas. -- Templos: mansiones de los dioses. -- Egipto legado.
563 ## - NOTA DE ENCUADERNACIÓN
Nota de encuadernación Tapa dura
651 #0 - ASIENTO SECUNDARIO DE MATERIA - NOMBRE GEOGRAFICO
Nombre geográfico Egipto.
Subdivisión general Historia.
700 ## - ASIENTO SECUNDARIO - NOMBRE PERSONAL
Nombre personal Logan, Thomas J.
Responsabilidad prologuista
9 (RLIN) 3416
942 ## - TIPO DE MATERIAL (KOHA)
Tipo de Item KOHA Libros General
945 ## - INFORMACIÓN LOCAL DEL REGISTRO
Catalogador JTF-925
Existencias
Estado de Material Estado de Perdido Forma de Clasificación Estado de Dañado No para Préstamo Colección Biblioteca de Origen Biblioteca Permanente Fecha de Adquisición Forma de Adquisición Área Total de Préstamos Signatura Topográfica Código de Barras Última vez visto Ejemplar/Existencia Fecha de Remplazo Tipo de Material
    Dewey Decimal Classification     Colección General Biblioteca FUSBC Biblioteca FUSBC 17/04/2020 Donación Nottingham HISTORIA   G 932 H684e 13534 17/04/2020 Ej.1 17/04/2020 Libros General

Biblioteca FUSBC | Teléfono: (57+4) 349 88 10 Ext. 141| WhatsApp (+57) 3005338115 
E-mail: biblioteca@unisbc.edu.co | Calle 76 87-14 Robledo Palenque, Medellín, Colombia

Con tecnología Koha